Statistics for 2023/24 Turkish Football League Teams

Click here to take the quiz!

General Stats

  • This quiz has been taken 137 times
  • The average score is 15 of 20

Answer Stats

LeagueTeam% Correct
Süper LigGalatasaray
100%
Süper LigFenerbahçe
98%
Süper LigBeşiktaş
97%
Süper LigTrabzonspor
90%
Süper LigIstanbul BB
85%
Süper LigAntalyaspor
81%
Süper LigAdana Demirspor
78%
Süper LigAlanyaspor
74%
Süper LigAnkaragücü
73%
Süper LigSivasspor
72%
Süper LigGaziantep
71%
Süper LigKayserispor
69%
Süper LigKonyaspor
69%
Süper LigSamsunspor
69%
Süper LigRizespor
68%
Süper LigHatayspor
67%
Süper Ligİstanbulspor
66%
Süper LigKasımpaşa
62%
Süper LigFatih Karagümrük
60%
Süper LigPendikspor
59%

Score Distribution

Percentile by Number Answered

Percent of People with Each Score

Your Score History

You have not taken this quiz